Star Wars Multiple Choice #2 - Statistics

General Stats
  • This quiz has been taken 63 times
  • The average score is 13 of 20
Answer Stats
Question Answer % Correct
What planet did Leia Organa grow up on and was also blown up by the Death Star? Alderaan
100%
What planet did Luke Skywalker find Yoda on? Dagobah
100%
What is the name of the Sith planet that Darth Sidious is located on in The Rise of Skywalker? Exegol
100%
What planet was the first battle of the clone wars located on? Geonosis
100%
What is the name of the ice planet from the beginning of The Empire Strikes Back? Hoth
100%
What planet was Qui-Gon Jinn killed on? Naboo
100%
What planet did Anakin Skywalker and Luke Skywalker grow up on? Tatooine
100%
What planet did the Rebel Alliance launch the attack on the first Death Star from? Yavin 4
100%
What planet was Luke Skywalker on when Rey found him? Ahch-To
50%
What planet is Star Wars Galaxy's Edge based on? Batuu
50%
What planet is Cloud City located on? Bespin
50%
What planet was the attack on Starkiller base launch from? D'Qar
50%
What planet did Rey grow up on after being left by her parents? Jakku
50%
What planet is home to the Wookies? Kashyyyk
50%
What planet is Cassian Andor from? Kenari
50%
What is the name of the lava planet in Revenge of the Sith? Mustafar
50%
What planet is Maz Kanata's castle located on? Takodana
50%
What planet was introduced in the tv show Rebels and has an imperial factory, an imperial airfield, and a jedi temple? Lothal
0%
What is the name of the planet that Grand Admiral Thrawn and Ezra Bridger were exiled on? Peridea
0%
On what planet did Obi-Wan Kenobi say the famous line, "Hello there" when fighting General Grievous? Utapau
0%
No matching quizzes found
Score Distribution
Percent of People with Each Score
Percentile by Number Answered
Your Score History
You have not taken this quiz